| 000 | 00583nam a22002057a 4500 | ||
|---|---|---|---|
| 005 | 20210427063049.0 | ||
| 008 | 210312s1989 ||||| |||| 00| 0 eng d | ||
| 022 | _a0366676X | ||
| 040 |
_aeng _cDLC |
||
| 041 |
_aeng _ager |
||
| 082 |
_a61 _bB-53 |
||
| 110 |
_91401 _aClio Medica |
||
| 245 |
_aClinical Teaching, Past and Present / Volume 21, No. 1/4 1987-1988 _c/ by: Clio Medica |
||
| 260 |
_aAmsterdam - Atlanta _bClio Medica _c1989 |
||
| 300 | _a212 p. | ||
| 650 | 0 |
_969 _aMedicine |
|
| 700 |
_91402 _aBeukers, H. _eEditor |
||
| 700 |
_91403 _aMoll, J. _eEditor |
||
| 942 |
_2udc _cMP |
||
| 999 |
_c2197 _d2197 |
||